“滑雪场”地点数量≥30的地级行政区 Prefectures with ≥30 ski resort sites - Statistics

General Stats
  • This quiz has been taken 69 times
  • The average score is 13 of 24
Answer Stats
地级行政区 数量 % Correct
哈尔滨 176
97%
北京 317
92%
长春 92
92%
沈阳 60
88%
张家口 210
78%
吉林 188
75%
乌鲁木齐 43
75%
天津 75
73%
上海 60
73%
大连 37
73%
石家庄 45
58%
济南 61
49%
重庆 63
46%
阿勒泰 57
46%
郑州 57
46%
青岛 54
44%
保定 52
44%
杭州 37
44%
白山 30
37%
伊犁 32
31%
洛阳 40
24%
恩施 34
2%
六盘水 40
0%
湖州 32
0%
No matching quizzes found
Score Distribution
Percent of People with Each Score
Percentile by Number Answered
Your Score History
You have not taken this quiz